000 00609nab a2200193 4500
001 244442
003 OSt
005 20250414080240.0
007 tu
008 200917s2020|||||||
040 _aDE-2950
_cDE-2950
245 0 0 _aWoidke ehrt Pionierin des Lennéparks
_bAusgezeichnet. Sonja Gudlowski hat für ihr Engagement um den Park die Verdienstmedaille des Landes erhalten/
_cred
264 _c2024
653 _aFrankfurt (Oder)
653 _aVerdienstmedaille
653 _aSonja Gudlowski
773 0 _g36. Jahrgang (2025) Nr. 81 vom 05.04.2025, S. 17 mit Foto
_tMärkische Oderzeitung
942 _2z
_cA
999 _c373696
_d373696